[Event "FIDE Disabilities Olym"]
[Site "Belgrade"]
[Date "2023.01.30"]
[Round "?"]
[White "Mekus, Manuela"]
[Black "Stachanczyk, Jacek"]
[Result "0-1"]
[WhiteElo "1624"]
[BlackElo "2189"]
[PlyCount "66"]
[EventDate "2023.01.30"]
[EventType "team-swiss"]
[EventRounds "6"]
[EventCountry "SRB"]
[SourceTitle "CBM 212 Extra"]
[Source "ChessBase"]
[SourceDate "2023.03.31"]
[SourceVersion "1"]
[SourceVersionDate "2023.03.31"]
[SourceQuality "1"]
[WhiteTeam "Germany"]
[BlackTeam "Poland"]
[WhiteTeamCountry "GER"]
[BlackTeamCountry "POL"]

1. Nf3 Nf6 2. g3 g6 3. Bg2 Bg7 4. 0-0 0-0 5. d3 d5 6. c3 c5 7. Nbd2 Nc6 8. e4 e5 9. Re1 dxe4 10. dxe4 Qc7 11. a4 h6 12. h4 Be6 13. Qc2 Rfd8 14. Nf1 Na5 15. N3d2 c4 16. Ne3 Rd7 17. Ndf1 Rad8 18. Rd1 Rd3 19. Bd2 Nb3 20. Rab1 Qa5 21. Be1 a6 22. Nd5 Nxd5 23. exd5 Bxd5 24. Bxd5 Qxd5 25. Ne3 Qe6 26. Qe2 h5 27. Nc2 Qd7 28. Ne3 Bh6 29. Rxd3 Qxd3 30. Qd1 Bxe3 31. Qxd3 cxd3 32. fxe3 d2 33. Bxd2 Rxd2 0-1

[Event "IPCA Wch 21st"]
[Site "Ashdod"]
[Date "2022.05.11"]
[Round "4"]
[White "Gerasimova, Svetlana"]
[Black "Mekus, Manuela"]
[Result "1-0"]
[WhiteElo "1906"]
[BlackElo "1644"]
[PlyCount "71"]
[EventDate "2022.05.09"]
[EventType "swiss"]
[EventRounds "9"]
[EventCountry "ISR"]
[SourceTitle "CBM 208 Extra"]
[Source "ChessBase"]
[SourceDate "2022.07.31"]
[SourceVersion "1"]
[SourceVersionDate "2022.07.31"]
[SourceQuality "1"]

1. e4 d6 2. d4 g6 3. Nc3 Bg7 4. Be3 Nf6 5. f3 Nbd7 6. Qd2 c5 7. Nge2 0-0 8. 0-0-0 b6 9. g4 Bb7 10. Bh6 cxd4 11. Nxd4 Ne5 12. h4 Re8 13. h5 Bh8 14. hxg6 fxg6 15. Bb5 e6 16. Bxe8 Qxe8 17. Ncb5 Nxf3 18. Nxf3 Qxb5 19. Qxd6 Re8 20. Nd4 Qc4 21. Kb1 Bxe4 22. Rhf1 Bd5 23. Qa3 Qc5 24. Qa4 Qe7 25. g5 Nd7 26. Nc6 Qc5 27. Nb4 b5 28. Qa5 Qb6 29. Qxb6 Nxb6 30. Nxd5 Nxd5 31. Rd3 a5 32. Rdf3 Bg7 33. Rf7 Bxh6 34. gxh6 Ne7 35. Rg7+ Kh8 36. Rxe7 1-0

[Event "W-ch Disabled"]
[Site "Dresden"]
[Date "2015.10.22"]
[Round "5"]
[White "Chomu Clement, Miheso"]
[Black "Mekus, Manuela"]
[Result "1/2-1/2"]
[WhiteElo "2120"]
[BlackElo "1628"]
[PlyCount "94"]
[EventDate "2015.10.18"]
[EventType "swiss"]
[EventRounds "7"]
[EventCountry "GER"]
[SourceTitle "CBM 168 Extra"]
[Source "ChessBase"]
[SourceDate "2015.10.29"]
[SourceVersion "1"]
[SourceVersionDate "2015.10.29"]
[SourceQuality "1"]

1. d4 Nf6 2. c4 g6 3. g3 Bg7 4. Bg2 0-0 5. Nc3 d6 6. e4 e5 7. d5 c6 8. h3 Nbd7 9. Be3 Qc7 10. Qd2 cxd5 11. cxd5 a6 12. Rc1 Qd8 13. Nge2 b5 14. b4 Nb6 15. Bxb6 Qxb6 16. 0-0 Bb7 17. Qd3 Rac8 18. Kh1 Rc4 19. Rb1 Rfc8 20. a3 Nh5 21. Nd1 Bh6 22. Bf3 Nf6 23. g4 Bg5 24. Bg2 Rc2 25. f4 exf4 26. Nxf4 Nd7 27. Qg3 Ne5 28. h4 Bh6 29. g5 Bg7 30. h5 Rc1 31. Rb3 Qd8 32. hxg6 Nxg6 33. Nh5 Be5 34. Qg4 R8c7 35. Rh3 Bc8 36. Rf5 Bxf5 37. exf5 R7c4 38. Qe2 Nf4 39. Nxf4 Rxf4 40. Qh5 Rxd1+ 41. Qxd1 Qxg5 42. Qd3 Rxf5 43. Bf3 Qc1+ 44. Bd1 Qf4 45. Bc2 Qf1+ 46. Qxf1 Rxf1+ 47. Kg2 Ra1 1/2-1/2

[Event "W-ch Disabled"]
[Site "Dresden"]
[Date "2015.10.19"]
[Round "2"]
[White "Aleksandrova, Aleksandra"]
[Black "Mekus, Manuela"]
[Result "0-1"]
[WhiteElo "1931"]
[BlackElo "1628"]
[PlyCount "63"]
[EventDate "2015.10.18"]
[EventType "swiss"]
[EventRounds "7"]
[EventCountry "GER"]
[SourceTitle "CBM 168 Extra"]
[Source "ChessBase"]
[SourceDate "2015.10.29"]
[SourceVersion "1"]
[SourceVersionDate "2015.10.29"]
[SourceQuality "1"]

1. d4 Nf6 2. Nd2 g6 3. e4 d6 4. Be2 Bg7 5. c3 0-0 6. Qc2 Nbd7 7. Ndf3 e5 8. dxe5 dxe5 9. Bg5 c6 10. Rd1 Qc7 11. h3 Re8 12. Be3 Nh5 13. g3 Nf8 14. Bd3 Ne6 15. Ne2 b6 16. Bc4 Bb7 17. 0-0 Rad8 18. Nd2 Qc8 19. Kh2 Ba6 20. Bxa6 Qxa6 21. Rfe1 Rd7 22. Nc1 Red8 23. Nf3 Qc8 24. Rxd7 Qxd7 25. Qa4 c5 26. Qa6 Qc7 27. Qe2 Qc8 28. Nd2 Qb7 29. Rf1 Bf6 30. f4 exf4 31. gxf4 Qe7 32. Kh1 0-1